00148 a2200073 450000100060000010000170000624500250002326000260004811131 aS. H. Askari aIndian Recors Series abNehonal Aarchivesc